| 000 | 02415nam0a2200385 4500 | ||
|---|---|---|---|
| 001 | RU\NLR\BIBL_A\010510425 | ||
| 005 | 20260406145337.0 | ||
| 010 |
_a978-5-94178-220-8 _91000 |
||
| 035 | _a(NILC)LIBNET\0000477140 | ||
| 035 | _a(NLR Aleph) 010510425 | ||
| 090 |
_a10175706 _c10175706 |
||
| 100 | _a20141024d2013 |||y0rusy50 ca | ||
| 101 | 0 | _arus | |
| 102 | _aRU | ||
| 105 | _aa|||j|||000yy | ||
| 200 | 1 |
_aМатериаловедение и технологические процессы в машиностроении _eучебное пособие для студентов обучающихся по направлению "Конструкторско-технологическое обеспечение машиностроительных производств" _fС.И. Богодухов, А.Д. Проскурин, Р.М. Сулейманов, А.Г. Схиртладзе _gпод общ. ред. проф., д.т.н. С. И. Богодухова |
|
| 210 |
_aСтарый Оскол _cТНТ _d2013 |
||
| 215 |
_a559 с. _cил. _d21 |
||
| 313 | _aЛабораторные работы | ||
| 320 | _aБиблиогр.: с. 558-559 (14 назв.) | ||
| 606 | 1 |
_aМашиностроение _jУчебные издания для высших учебных заведений _xТехнологические процессы _xЛабораторная практика _92564633 _3RU\NLR\AUTH\661516889 |
|
| 606 | 1 |
_aМеталловедение _jУчебные издания для высших учебных заведений _xЛабораторная практика _91590000 _3RU\NLR\AUTH\66698723 |
|
| 686 |
_a30.3я7 _vLBC/RL _2rubbk |
||
| 686 |
_a34.5я7 _vLBC/RL _2rubbk |
||
| 686 | 1 | _aК5я73-5 | |
| 686 | 1 | _aК2я73-5 | |
| 701 | 1 |
_7ca _8rus _aБогодухов _bС. И. _f1939- _gСтанислав Иванович _9140910 _3RU\NLR\AUTH\770140946 |
|
| 701 | 1 |
_7ca _8rus _aПроскурин _bА. Д. _gАлександр Дмитриевич _9140913 _3RU\NLR\AUTH\770140949 |
|
| 701 | 1 |
_7ca _8rus _aСулейманов _bР. М. _gРузалит Масгутович _9140922 _3RU\NLR\AUTH\770140958 |
|
| 701 | 1 |
_8rus _7ca _aСхиртладзе _bА. Г. _f1943- _gАлександр Георгиевич _3RU\NLR\AUTH\774564 _9114542 |
|
| 801 | 0 |
_aRU _bКемеровская ОНБ _c20140915 _grcr |
|
| 942 | _cBOOK | ||
| 980 | _aNB | ||